|
|
|
|
| LEADER |
00000nab a2200000 a 4500 |
| 001 |
vtls001023401 |
| 003 |
SK-MaSNL |
| 005 |
20260303042000.0 |
| 008 |
040720e19970123xo 0 slo |
| 035 |
|
|
|a SL1980
|
| 040 |
|
|
|a SLLK
|b slo
|c SLLK
|e AACR2
|
| 041 |
0 |
|
|a slo
|
| 044 |
|
|
|a xo
|c SK
|
| 080 |
|
|
|a 373.5
|2 1981
|
| 100 |
1 |
|
|a Stašenko, Michal
|4 aut
|9 1027611
|
| 245 |
1 |
0 |
|a Vedomosti do praxe
|b štúdium na strednom odbornom učilišti poľnohospodárskom
|c Michal Stašenko
|
| 610 |
2 |
7 |
|a Stredné odborné učilište poľnohospodárske (Stará Ľubovňa, Slovensko)
|2 SLLK
|9 1022559
|
| 650 |
0 |
7 |
|a študijné odbory
|2 SLLK
|9 68762
|
| 650 |
0 |
7 |
|a prijímacie pohovory
|2 SLLK
|9 67194
|
| 651 |
|
7 |
|a Stará Ľubovňa (Slovensko)
|2 snkbucl
|9 19193
|
| 773 |
0 |
8 |
|t Ľubovnianske noviny
|g Roč. 23, č.3, 23.1.1997, s. 2
|
| 852 |
|
|
|a ZVYKNI
|b KIS3GCP
|
| 999 |
|
|
|c 1690044
|d 1691974
|